[Event "CZE-Cup11 fin corr"]
[Site "Czechia"]
[Date "2004.06.16"]
[Round "13"]
[White "Batka, Josef"]
[Black "Nosek, Jaroslav"]
[Result "0-1"]
[WhiteElo "2115"]
[BlackElo "2285"]
[PlyCount "108"]
[EventDate "2004.??.??"]
[EventType "tourn (corr)"]
[EventRounds "15"]
[EventCountry "CZE"]
[SourceTitle "Corr 2006"]
[Source "ChessBase"]
[SourceDate "2006.04.01"]
[SourceVersion "3"]
[SourceVersionDate "2006.04.01"]
[SourceQuality "1"]

1. e4 e6 2. d4 d5 3. e5 c5 4. c3 Qb6 5. Nf3 Nc6 6. a3 Nge7 7. dxc5 Qxc5 8. Bd3 Ng6 9. Qe2 Qb6 10. 0-0 Be7 11. Re1 0-0 12. h4 h6 13. h5 Nh4 14. Nbd2 Nf5 15. g4 Nh4 16. Nxh4 Bxh4 17. Nf3 Be7 18. g5 hxg5 19. Bxg5 Bxg5 20. Nxg5 f6 21. exf6 Rxf6 22. Bh7+ Kh8 23. Bg6 Ne7 24. Rad1 Bd7 25. Nf7+ Kg8 26. Ne5 Bb5 27. Qe3 Qxe3 28. Rxe3 Be8 29. Bxe8 Rxe8 30. Nf3 Rh6 31. Ng5 Nf5 32. Re2 Rxh5 33. Nxe6 Nd6 34. f4 Re7 35. Kg2 Rh6 36. Rde1 Rf6 37. Kf3 Ne4 38. Nd4 g5 39. f5 Rh6 40. Kg2 Reh7 41. Ne6 Rh4 42. Kg1 b5 43. Nd4 a6 44. Ne6 g4 45. Rxe4 dxe4 46. Rxe4 g3 47. Re3 Rg4 48. Re2 Kf7 49. Nd4 Kf6 50. Re6+ Kg5 51. Nf3+ Kxf5 52. Re2 Rh6 53. Kg2 Re6 54. Rd2 Kf4 0-1

[Event "CZE-Cup11 fin corr"]
[Site "Czechia"]
[Date "2004.06.08"]
[Round "5"]
[White "Canibal, Jaromir"]
[Black "Nosek, Jaroslav"]
[Result "1/2-1/2"]
[WhiteElo "2230"]
[BlackElo "2285"]
[PlyCount "46"]
[EventDate "2004.??.??"]
[EventType "tourn (corr)"]
[EventRounds "15"]
[EventCountry "CZE"]
[SourceTitle "Corr 2006"]
[Source "ChessBase"]
[SourceDate "2006.04.01"]
[SourceVersion "3"]
[SourceVersionDate "2006.04.01"]
[SourceQuality "1"]

1. e4 e6 2. d4 d5 3. Nd2 c5 4. exd5 exd5 5. Ngf3 Nc6 6. Bb5 cxd4 7. Nxd4 Bd7 8. N2f3 Nf6 9. 0-0 Be7 10. c3 0-0 11. Bd3 Nxd4 12. Nxd4 Qc7 13. h3 Rfe8 14. Be3 Bd6 15. Qf3 Ne4 16. Rfe1 Re7 17. Rac1 Rae8 18. Re2 a6 19. Rce1 b5 20. Nf5 Bxf5 21. Qxf5 Bh2+ 22. Kh1 Be5 23. Qf3 g6 1/2-1/2

[Event "CZE-ch12 sf05 corr"]
[Site "Czechia"]
[Date "2003.??.??"]
[Round "?"]
[White "Nedoma, Petr"]
[Black "Nosek, Jaroslav"]
[Result "1/2-1/2"]
[WhiteElo "2224"]
[BlackElo "2260"]
[PlyCount "22"]
[EventDate "2003.??.??"]
[EventType "tourn (corr)"]
[EventRounds "14"]
[EventCountry "CZE"]
[SourceTitle "Corr 2006"]
[Source "ChessBase"]
[SourceDate "2006.04.01"]
[SourceVersion "3"]
[SourceVersionDate "2006.04.01"]
[SourceQuality "1"]

1. e4 e6 2. d4 d5 3. exd5 exd5 4. Nf3 Bg4 5. Be2 Bd6 6. 0-0 Ne7 7. Re1 0-0 8. h3 Bh5 9. Bd3 h6 10. c3 Nd7 11. Nbd2 Re8 1/2-1/2